{"text_format":"2","workbook":"xlsx","n_sheets":3,"sheets":["Sheet1","중량","Sheet1 (2)"],"not_rendered":{"charts":0,"images":0,"macros":0,"external_links":0,"defined_names":0,"comments":0,"pivot_tables":0},"unopened":[],"bounds":{"document_bytes":16777216,"sheet_cells":100000,"run_cost":"one","rows_first":2000,"rows_last":500,"rows_between":2000,"halvings":0,"cell_chars":16384,"cell_head_chars":4096},"cells_cut":0,"cells_raw":0,"read":"whole","date_system":"1900"}

{"sheet":"Sheet1","index":0,"n_rows":72,"n_cols":12,"rows_kept":72,"cut":false,"hidden":false,"merged":[]}
[]
[]
[{"$nulls":9},"정격전류"]
[null,null,"임베디드 PC","UNO-1372G-J",1,"EA",null,null,"ADVANTECH",1.5,"0.8~1.5A","https://www.advantech.co.kr/products/search/?q=uno-1372g-j"]
[null,null,"콤팩트 시스템/ 임베디드 컴퓨터","UNO-420",1,"EA",776000,null,"ADVANTECH",null,null,"https://buy.advantech.co.kr/%ec%9d%b8%ed%85%94Atom-E3815-%ed%83%91%ec%9e%ac%ed%95%9c-PoE-%ea%b2%8c%ec%9d%b4%ed%8a%b8%ec%9b%a8%ec%9d%b4-3-xCOM-2-x-LAN-1-x-PoE-8-x-GPIO-HDMI-USB3-0/UNO-420/UNO-420/system-21852.htm"]
[null,"기구","Robot Raser Sensor","UBG-05LN",1,"EA",null,null,"HOKUYO",null,null,"http://www.hokuyokorea.co.kr/"]
[null,"기구","PIO SENSOR","DMS-HB1-V",1,"EA",{"$nulls":5},"http://www.hokuyokorea.co.kr/"]
[null,"기구","Positioning Vision","PXV100-F200-R4-V19",1,"EA",null,null,"SWC",null,null,"https://www.pepperl-fuchs.com/korea/ko/classid_2614.htm?view=productdetails&prodid=88748#cad"]
[null,"기구","배터리","LM-MOTOR-50V-52AH-X4COM",1,"EA"]
[null,"기구","배터리 충전기","TC-3000W-50V50A",1,"EA"]
[null,"기구","Conveyor Driver","CB-16N6 ",1,"EA",null,null,null,2,"정격0.03, 기동4A"]
[null,"기구","조향 솔레노이드","RM502-2p24",{"$nulls":5},0.54]
[null,"기구","조향 솔레노이드","RM502-2p12",{"$nulls":5},1]
[null,null,null,"KV-8000",1,null,null,null,"KEYENCE",1,"사급"]
[null,null,null,"KV-SAD04",1,null,null,null,"KEYENCE",0.8,"사급"]
[{"$nulls":11},"최대 출력 전류 : 200[mA]/CH"]
[{"$nulls":11},"소비 전류는 약 5mA/CH"]
[null,null,"DRIVEER","Ezi-SERVOII-SE-PE-42L-A  "]
[null,null,"Servo Driver","DIS-2 48/10 FB",{"$nulls":7},"https://www.metronix.de/metronixweb/en/products/drive-technology/dis-2-mount-cord/#"]
[null,null,null,"DIS-2 48/10 FB",{"$nulls":7},"https://www.metronix.de/metronixweb/en/downloads/3d-step-files/#"]
[]
[null,null,"WIFI MODULE ","AWK-1137C",1,"EA",460000,{"$f":"E22*G22","v":460000},"MOXA",null,"여의시스템","장동철차장  010-4574-6813"]
[null,null,"AP공유기","AWK-3131A-EU",1,"EA",830000,830000,"MOXA",null,"여의시스템","배철수차장  010-2255-0979"]
[null,null,null,"Ezi-IO-PE-O16N "]
[null,null,null,"Ezi-IO-PE-I16N"]
[null,null,"DRIVEER","EzS2-PE("]
[null,null,"Motor Driver","DIS-2 48/10 FB ",4,"EA",470000]
[null,null,"HUB","IE-SW-EL05-5GT",1,null,175000,null,null,null,"Weidmüller"]
[null,null,"HUB","EKI-2725",{"$nulls":6},"ADVANTECH"]
[null,null,"DRIVEER","Ezi-SERVOII-SE-PE-42L-A  ",{"$nulls":5},1.2]
[]
[]
[]
[]
[null,null,"SAFETY PLC","G9SP-N10S",1,"EA",300000]
[null,null,"Safety Relay","G7SA-2A2B ",4,"EA",14000,56000]
[null,null,"Safety Relay Socket(G7SA-2A2B)","P7SA-10F-ND",4,"EA",13000,52000]
[null,null,"SAFETY MODE KEY","STK-21-TOR-S",1,"EA",123000,123000]
[{"$nulls":7},0]
[null,null,"LAN 커플러","NW080-30S-C6 ",2,"EA",30000,60000]
[null,null,"DC-DC Converter","SD-200C-24",1,"EA",90000,90000,null,8.4,"INPUT 6.7A/48V","https://www.meanwell.com/productSeries.aspx?i=29&c=7#tag-7-29"]
[{"$nulls":5},"EA",null,0]
[null,null,"CP","GCP-32ANM/5A",1,"EA",17000,17000]
[null,null,"Radio Noise Filter","FR-BIF 200V CLASS",1,"EA",82500,82500]
[null,null,"Ferrite Core","ZCAT3035-1330",1,"EA",2000,2000]
[{"$nulls":5},"EA",null,0]
[null,null,"ENCODER CABLE","MR-J3ENCBL8M-Aㅁ-H",8,"EA",40000,{"$f":"E47*G47","v":320000}]
[null,null,"POWER CABLE","MR-PWS1CBL8M-Aㅁ-H",8,"EA",30000,240000]
[{"$nulls":5},"EA",null,0]
[{"$nulls":5},"EA",null,0]
[null,null,"GPS MAIN 단자대","KTB1-06003",1,"EA",2100,2100]
[null,null,"CP_GPS PILOT LAMP용","GCP-32ANM/1A",1,"EA",17000,17000]
[null,null,"MAIN NFB(GPS)","ABS33c/3P 30A, 20kA ",1,"EA",25000,25000]
[null,null,"NF","IWK1-25030-2NF",1,"EA",74900,74900]
[null,null,"GMC","SC-N2C/GT",3,"EA",40000,120000]
[null,null,null,"KTB1-03003",1,"EA",1150,1150]
[null,null,"멜로디부저","KSP-42S",1,"EA",null,0]
[null,null,"CP_SMPS 1차","GCP-32ANM/2A",1,"EA",17000,17000]
[null,null,"TB","KTB2-015",1,"EA",4000,4000]
[null,null,"PBL SWITCH","KGX-JMD21B(25∅BLK)",1,"EA",6500,6500]
[null,null,"PBL SWITCH","KGX-JMD21W(25∅WHT)",1,"EA",6500,6500]
[null,null,"UMC","SC-03-C/GT(1NO)",1,"EA",15100,15100]
[null,null,"MC Side Contect","SZ-AS1 (단자커버포함)",2,"EA",7750,15500]
[{"$nulls":5},"EA",null,0]
[null,null,"CP_SERVO CONTROL POWER","GCP-32ANM/7A",1,"EA",17000,17000]
[null,null,"CP_PLC POWER 1차","GCP-32ANM/2A",1,"EA",17000,17000]
[null,null,"CP_DC24 I/O용","GCP-32ANM/7A",1,"EA",17000,17000]
[null,null,"PR(POWER RELAY)","MY4N-D2(소켓포함)",2,"EA",9000,18000]
[null,null,"Relay Socket","KLY2C-P",2,"EA",3000,6000]
[null,null,"CR(CONTROL RELAY)","R4T-16P-S",2,"EA",11000,22000]
[null,null,"FAN(알람출력)","4710KL-05W-B49-E00",2,"EA",12500,25000]
[{"$nulls":7},{"$f":"SUM(H22:H71)","v":2759250}]

{"sheet":"중량","index":1,"n_rows":31,"n_cols":9,"rows_kept":31,"cut":false,"hidden":false,"merged":[]}
[]
[]
[null,"No","품명","규격","단위중량","단위","수량","총중량"]
[null,1,"PC","UNO-1372G-J",1000,"g",1,{"$f":"E4*G4","v":1000}]
[null,2,"PLC CPU","KV-8000",350,"g",1,{"$f":"E5*G5","v":350}]
[null,3,"고속카운터","KV-SAD04",130,"g",1,130]
[null,4,"SAFETY","G9SP-N10S",290,"g",1,290]
[null,5,"SAFETY Relay","G7SA-2A2B",22,"g",2,44]
[null,6,"SAFETY Relay Socket","P7SA-10F-ND",44,"g",2,88]
[null,7,"SAFETY Mode Key","STK-21-TOR",200,"g",1,200]
[null,8,"WIFI MODULE ","AWK-1137C",470,"g",1,470]
[null,9,"DC-DC Converter","SD-200C-24",1100,"g",1,1100]
[null,10,"소형무접점 Relay","S4T-16P-202D",35,"약 g",6,210,"DC24V/2A"]
[null,11,"중형무접점 Relay","R2G-24V",35,"약 g",1,35,"DC24V/5A"]
[null,12,"COMMON TB","XTB-COM",20,"약 g",3,60,"DC24V/10A"]
[null,13,"조립식T/B","KTB2-015",50,"약 g",4,200]
[null,14,"CP","GCP-32AN ",150,"g",8,1200]
[null,15,"MC","MC-50a",310,"g",2,620]
[null,16,"LAN 커플러","NW080-30S-C6 ",40,"약 g",2,80]
[null,17,"GPS MAIN 단자대","KTB1-06003",50,"약 g",1,50]
[null,18,"멜로디부저","KSP-42S",200,"약 g",1,200]
[null,19,"회생저항",null,200,"약 g",1,200]
[null,20,"OUTPUT","Ezi-IO-PE-O16N ",100,"약 g",2,200]
[null,21,"INPUT","Ezi-IO-PE-I16N",100,"약 g",3,300]
[null,22,"DRIVEER","Ezi-SERVOII-SE-PE-56L-A-D8",300,"약 g",2,600]
[null,23,"HUB","IE-SW-BL05-5TX",175,"g",1,175]
[null,24,"Motor Driver","DIS-2 48/10 FB ",500,"g",2,1000]
[null,25,"Conveyor Driver","CB-16N6 ",250,"약 g",1,250]
[null,26,"Cable",null,4000,"약 g",1,4000]
[null,27,"etc",null,1000,"약 g",1,{"$f":"E30*G30","v":1000}]
[{"$nulls":7},{"$f":"SUM(H4:H30)","v":14052}]

{"sheet":"Sheet1 (2)","index":2,"n_rows":74,"n_cols":11,"rows_kept":74,"cut":false,"hidden":false,"merged":[]}
[]
[]
[]
[null,null,"제품 / 산업 자동화 / 임베디드 자동화 컴퓨터","UNO-1372G-J",1,"EA",null,null,"ADVANTECH",null,"https://www.advantech.co.kr/products/search/?q=uno-1372g-j"]
[null,null,"콤팩트 시스템/ 임베디드 컴퓨터","UNO-420",1,"EA",776000,null,"ADVANTECH",null,"https://buy.advantech.co.kr/%ec%9d%b8%ed%85%94Atom-E3815-%ed%83%91%ec%9e%ac%ed%95%9c-PoE-%ea%b2%8c%ec%9d%b4%ed%8a%b8%ec%9b%a8%ec%9d%b4-3-xCOM-2-x-LAN-1-x-PoE-8-x-GPIO-HDMI-USB3-0/UNO-420/UNO-420/system-21852.htm"]
[null,"기구","Robot Raser Sensor","UBG-05LN",1,"EA",null,null,"HOKUYO",null,"http://www.hokuyokorea.co.kr/"]
[null,"기구","PIO SENSOR","DMS-HB1-V",1,"EA",{"$nulls":4},"http://www.hokuyokorea.co.kr/"]
[null,"기구","Positioning Vision","PXV100-F200-R4-V19",1,"EA",null,null,"SWC",null,"https://www.pepperl-fuchs.com/korea/ko/classid_2614.htm?view=productdetails&prodid=88748#cad"]
[null,"기구","배터리","LM-MOTOR-50V-52AH-X4COM",1,"EA"]
[null,"기구","배터리 충전기","TC-3000W-50V50A",1,"EA"]
[null,"기구","Conveyor Driver","CB-16N6 ",1,"EA"]
[{"$nulls":10},"최대 출력 전류 : 200[mA]/CH"]
[{"$nulls":10},"소비 전류는 약 5mA/CH"]
[null,null,"DRIVEER","EzS2-PE("]
[null,null,"Servo Driver","DIS-2 48/10 FB",{"$nulls":6},"https://www.metronix.de/metronixweb/en/products/drive-technology/dis-2-mount-cord/#"]
[null,null,null,"DIS-2 48/10 FB",{"$nulls":6},"https://www.metronix.de/metronixweb/en/downloads/3d-step-files/#"]
[]
[]
[null,null,"WIFI MODULE ","AWK-1137C",1,"EA",460000,{"$f":"E19*G19","v":460000},"MOXA","여의시스템","장동철차장  010-4574-6813"]
[null,null,"AP공유기","AWK-3131A-EU",1,"EA",830000,830000,"MOXA","여의시스템","배철수차장  010-2255-0979"]
[null,null,"임베디드 PC","UNO-1372G-J",1,"EA",null,null,null,"ADVANTECH"]
[null,null,null,"Ezi-IO-PE-O16N "]
[null,null,null,"Ezi-IO-PE-I16N"]
[null,null,"DRIVEER","EzS2-PE("]
[null,null,"Motor Driver","DIS-2 48/10 FB ",4,"EA",470000]
{"$rows_empty":7}
[null,null,"SAFETY PLC","G9SP-N10S",1,"EA",300000]
[null,null,"SAFETY","SSM-MG4",null,"EA",260000,0]
[null,null,"SAFETY PLC","PNOZ m BO 772100",1,"EA",550000,550000]
[null,null,"SAFETY PLC ETHERNET ","PNOZ m ES ETH 772130",1,"EA",212000,212000]
[null,null,"PNOZ IO확장모듈","PNOZ m EF 8Di4Do(772142)(스크류터미널포함)",1,"EA",232000,232000]
[null,null,"Safety Relay","G7SA-2A2B ",4,"EA",14000,56000]
[null,null,"Safety Relay Socket(G7SA-2A2B)","P7SA-10F-ND",4,"EA",13000,52000]
[null,null,"SAFETY MODE KEY","STK-21-TOR-S",1,"EA",123000,123000]
[{"$nulls":7},0]
[null,null,"LAN 커플러","NW080-30S-C6 ",2,"EA",30000,60000]
[null,null,"DC-DC Converter","SD-200C-24",1,"EA",90000,90000,null,null,"https://www.meanwell.com/productSeries.aspx?i=29&c=7#tag-7-29"]
[{"$nulls":5},"EA",null,0]
[null,null,"CP","GCP-32ANM/5A",1,"EA",17000,17000]
[null,null,"Radio Noise Filter","FR-BIF 200V CLASS",1,"EA",82500,82500]
[null,null,"Ferrite Core","ZCAT3035-1330",1,"EA",2000,2000]
[{"$nulls":5},"EA",null,0]
[null,null,"ENCODER CABLE","MR-J3ENCBL8M-Aㅁ-H",8,"EA",40000,320000]
[null,null,"POWER CABLE","MR-PWS1CBL8M-Aㅁ-H",8,"EA",30000,240000]
[{"$nulls":5},"EA",null,0]
[{"$nulls":5},"EA",null,0]
[null,null,"GPS MAIN 단자대","KTB1-06003",1,"EA",2100,2100]
[null,null,"CP_GPS PILOT LAMP용","GCP-32ANM/1A",1,"EA",17000,17000]
[null,null,"MAIN NFB(GPS)","ABS33c/3P 30A, 20kA ",1,"EA",25000,25000]
[null,null,"NF","IWK1-25030-2NF",1,"EA",74900,74900]
[null,null,"GMC","SC-N2C/GT",3,"EA",40000,120000]
[null,null,null,"KTB1-03003",1,"EA",1150,1150]
[null,null,"멜로디부저","KSP-42S",1,"EA",null,0]
[null,null,"CP_SMPS 1차","GCP-32ANM/2A",1,"EA",17000,17000]
[null,null,"TB","KTB2-015",1,"EA",4000,4000]
[null,null,"PBL SWITCH","KGX-JMD21B(25∅BLK)",1,"EA",6500,6500]
[null,null,"PBL SWITCH","KGX-JMD21W(25∅WHT)",1,"EA",6500,6500]
[null,null,"UMC","SC-03-C/GT(1NO)",1,"EA",15100,15100]
[null,null,"MC Side Contect","SZ-AS1 (단자커버포함)",2,"EA",7750,15500]
[{"$nulls":5},"EA",null,0]
[null,null,"CP_SERVO CONTROL POWER","GCP-32ANM/7A",1,"EA",17000,17000]
[null,null,"CP_PLC POWER 1차","GCP-32ANM/2A",1,"EA",17000,17000]
[null,null,"CP_DC24 I/O용","GCP-32ANM/7A",1,"EA",17000,17000]
[null,null,"PR(POWER RELAY)","MY4N-D2(소켓포함)",2,"EA",9000,18000]
[null,null,"Relay Socket","KLY2C-P",2,"EA",3000,6000]
[null,null,"CR(CONTROL RELAY)","R4T-16P-S",2,"EA",11000,22000]
[null,null,"FAN(알람출력)","4710KL-05W-B49-E00",2,"EA",12500,25000]
[{"$nulls":7},{"$f":"SUM(H18:H73)","v":3753250}]